Fear at the Edge : State Terror and Resistance in Latin America /
Guardado en:
| Autores principales: | , , |
|---|---|
| Format: | Ukendt |
| Sprog: | English |
| Udgivet: |
Berkeley :
University of California Press,
1992.
|
| Fag: | |
| Tags: |
Tilføj Tag
Ingen Tags, Vær først til at tagge denne postø!
|
MARC
| LEADER | 000000000a22000000004500 | ||
|---|---|---|---|
| 001 | 011314 | ||
| 008 | 171201b xxu||||| |||| 00| 0 eng d | ||
| 020 | |a 0520077059 | ||
| 041 | 0 | |a eng | |
| 082 | 0 | 4 | |a 303.625 |b C823t |
| 100 | 1 | |a Corradi, Juan E. | |
| 100 | 1 | |a Weiss, Patricia | |
| 100 | 1 | |a Garretón, Manuel Antonio | |
| 245 | 1 | 0 | |a Fear at the Edge : |b State Terror and Resistance in Latin America / |c Juan E. Corradi, Patricia Weiss, Manuel Antonio Garretón. |
| 246 | 3 | 1 | |a Temor en el borde: el terror de Estado y de la resistencia en América Latina |
| 260 | 1 | |a Berkeley : |b University of California Press, |c 1992. | |
| 300 | |a 301 páginas | ||
| 500 | |a Colección George Yúdice | ||
| 650 | 4 | |a PERSECUCION POLITICA | |
| 650 | 4 | |a CONO SUR | |
| 650 | 4 | |a TERRORISMO | |
| 650 | 4 | |a MIEDO | |
| 942 | |c BK |2 ddc | ||
| 999 | |c 16611 |d 16611 | ||



